000 00782nam a22001577a 4500
003 LRUA
005 20191218143146.0
008 191218b xxu||||| |||| 00| 0 eng d
040 _cRUA
082 _aAVM SRE 2018 B654 Or.1
100 _914066
_aSRENG SOPHAMEY ស្រេង សុផាន់មុី
245 _aantimicrobial resistance of salmaonella from pork at siem reap's slaughterhouse ភាពសុាំនៃបាក់តេរីសាល់ម៉ណេឡាទល់នឺងឪសថអង់ទីប្យូទិចលើផ្ទាំងសាច់ជ្រូកនៅទីសត្តឃាតដ្ឋានក្នុងខេត្តសៀមរាម
260 _aRUA
_bPhnom penh
_c2018
300 _aix;38p
_bill;
_c29cm
942 _2ddc
_cAVM
999 _c18554
_d18554